"Homoloby" ve "Vatikánské gubernii": Agonistická demokracie v praxi? Politické dimenze současné diskusie o homosexualitě na Slovensku
Problematika občianských zväzkov homosexuálov na Slovensku.
Guardado en:
| Autor principal: | |
|---|---|
| Formato: | Capítulo de libro |
| Lenguaje: | checo |
| Materias: | |
| Etiquetas: |
Sin Etiquetas, Sea el primero en etiquetar este registro!
|
MARC
| LEADER | 00000naa a2200000 4500 | ||
|---|---|---|---|
| 001 | 0215656 | ||
| 005 | 20220714120624.2 | ||
| 041 | 0 | |a cze | |
| 044 | |a CZ | ||
| 245 | 1 | 0 | |a "Homoloby" ve "Vatikánské gubernii": Agonistická demokracie v praxi? Politické dimenze současné diskusie o homosexualitě na Slovensku |c Marián Sekerák |
| 520 | |a Problematika občianských zväzkov homosexuálov na Slovensku. | ||
| 610 | 2 | 0 | |a legislatíva |
| 610 | 2 | 0 | |a Slovensko |
| 610 | 2 | 0 | |a manželstvo |
| 610 | 2 | 0 | |a diskriminácia |
| 610 | 2 | 0 | |a liberalizmus |
| 610 | 2 | 0 | |a konzervativizmus |
| 610 | 2 | 0 | |a právo občianske |
| 100 | 1 | |a Sekerák, Marián | |